Central Library OPAC University of Rajshahi

Agricultural values of plant genetic resources / (Record no. 68589)

MARC details
000 -LEADER
fixed length control field 00922nam a2200265 a 4500
001 - CONTROL NUMBER
control field 68589
003 - CONTROL NUMBER IDENTIFIER
rucl marc code BD-RjUL
005 - DATE AND TIME OF LATEST TRANSACTION
control field 20211209081805.0
008 - FIXED-LENGTH DATA ELEMENTS--GENERAL INFORMATION
fixed length control field 980416s1998 enk 101 0 eng
020 ## - INTERNATIONAL STANDARD BOOK NUMBER
International Standard Book Number 0851992951 (alk. paper)
035 ## - SYSTEM CONTROL NUMBER
System control number (BD-RjUL)68799
040 ## - CATALOGING SOURCE
Original cataloging agency DLC
Transcribing agency DLC
Modifying agency DLC
Language of cataloging eng
041 ## - LANGUAGE CODE
Language code of text/sound track or separate title eng
082 00 - DEWEY DECIMAL CLASSIFICATION NUMBER
Edition number 23
Classification number 631.52
Author mark and year AGR 1998
245 10 - TITLE STATEMENT
Title Agricultural values of plant genetic resources /
Statement of responsibility, etc. edited by R.E. Evenson, D. Gollin, and V. Santaniello.
260 ## - PUBLICATION, DISTRIBUTION, ETC. (IMPRINT)
Place of publication, distribution, etc. Wallingford, UK ;
-- New York :
Name of publisher, distributor, etc. CAB International,
Date of publication, distribution, etc. 1998.
300 ## - PHYSICAL DESCRIPTION
Pagination xvi, 285 p. ;
Size 25 cm.
504 ## - BIBLIOGRAPHY, ETC. NOTE
Bibliography, etc Includes bibliographical references and index.
650 #0 - SUBJECT ADDED ENTRY--TOPICAL TERM
Topical term or geographic name as entry element Germplasm resources, Plant
General subdivision Congresses.
9 (RLIN) 203303
Topical term or geographic name as entry element Plant breeding
General subdivision Congresses.
9 (RLIN) 203304
700 1# - ADDED ENTRY--PERSONAL NAME
Personal name Evenson, Robert E.
Fuller form of name (Robert Eugene),
Dates associated with a name 1934-
Personal name Gollin, Douglas.
Personal name Santaniello, V.
942 ## - ADDED ENTRY ELEMENTS (KOHA)
Source of classification or shelving scheme Dewey Decimal Classification
Koha item type Books
Holdings
Lost status Source of classification or shelving scheme Damaged status Not for loan Collection code Permanent Location Current Location Shelving location Date acquired Source of acquisition Cost, normal purchase price Total Checkouts Full call number Date last seen Copy number Koha item type
  Dewey Decimal Classification   Not For Loan Non-fiction Central Library, University of Rajshahi Central Library, University of Rajshahi Reading Room 03/01/2009 Mallik Book 9100.00   631.52 AGR 1998 03/04/2017 C-1 Books